| 000 | 01801nam a2200481 i 4500 | ||
|---|---|---|---|
| 001 | DIGEDIUOC478 | ||
| 003 | NyNyDIG | ||
| 006 | m o d | ||
| 007 | cr ||||||||||| | ||
| 008 | 210506s2013 sp ob 000 0 spa d | ||
| 035 | _a(OCoLC)1178955665 | ||
| 040 |
_aDGITA _beng _erda _epn _cDGITA |
||
| 020 |
_a9788490298046 _qeBook _qpdf |
||
| 020 |
_a9788490642849 _qeBook _qePub |
||
| 020 |
_z9788490299579 _qimpreso |
||
| 050 | 1 | 4 | _aHM851 ebook |
| 082 | 0 | 4 | _a303.4833 |
| 100 | 1 |
_aOrtiz del Amo, Marian, _eauthor. |
|
| 245 | 1 | 0 |
_aSociedad red : _bEstado, economía y sociedad en la era de la Información / _cMarian Ortiz del Amo, Yanina Welp. |
| 250 | _aPrimera edición en formato digital. | ||
| 264 | 1 |
_aBarcelona : _bEditorial UOC, _c[2013] |
|
| 300 | _a1 online resource. | ||
| 336 |
_atext _btxt _2rdacontent |
||
| 337 |
_acomputer _bc _2rdamedia |
||
| 338 |
_aonline resource _bcr _2rdacarrier |
||
| 347 |
_atext file _2rdaft |
||
| 347 | _bPDF | ||
| 347 | _bEPUB | ||
| 490 | 1 | _aComunicación | |
| 504 | _aIncludes bibliographical references. | ||
| 588 | 0 | _aOnline resource; title from PDF title page (Digitalia, viewed May 6, 2021) | |
| 650 | 0 |
_aInformation technology _xSocial aspects. |
|
| 655 | 0 | _aElectronic books. | |
| 700 | 1 |
_aWelp, Yanina, _eauthor. |
|
| 791 | 2 |
_aDigitalia (Firm), _edistributor. |
|
| 793 | 0 |
_gDigitalia eBook Collection: _aEditorial UOC |
|
| 776 | 0 | 8 |
_iPrint version: _aOrtiz del Amo, Marian. _ttSociedad red. _bPrimera edición en lengua castellana. _dBarcelona : Editorial UOC, 2013z9788490299579 |
| 830 | 0 |
_aManuales (Editorial UOC) ; _v251. |
|
| 830 | 0 |
_aManuales (Editorial UOC). _pComunicación. |
|
| 856 | 4 | 0 |
_3Digitalia Hispánica _uhttps://www.digitaliapublishing.com/a/28896/ |
| 910 | _aPremium collection: 2021 | ||
| 942 | _cRAA | ||
| 999 |
_c239432 _d239432 |
||